| 000 | 00635nam a2200193Ia 4500 | ||
|---|---|---|---|
| 005 | 20260114185828.0 | ||
| 008 | 008 260114s9999 xx 000 0 eng d | ||
| 020 | _a9781501308543 | ||
| 037 | _aEBOOK | ||
| 040 |
_aCRL _beng _cCRL |
||
| 041 |
_aeng _2eng |
||
| 084 | _qCRL | ||
| 100 |
_aStijn Latr‚, Walter Van Herck, and Guido Vanheeswijck _9874906 |
||
| 245 | 0 | _aRadical Secularization? An Inquiry into the Religious Roots of Secular Culture | |
| 260 |
_bBloomsbury _c2014 |
||
| 856 | _uhttps://doi.org/10.5040/9781501308543?locatt=label:secondary_bloomsburyCollections | ||
| 942 | _cEBOOK | ||
| 999 |
_c1473840 _d1473840 |
||